[Event "World School-ch U13 Girls"]
[Site "Sochi"]
[Date "2016.12.10"]
[Round "8"]
[White "Baidalinova, Darina"]
[Black "Sultanbek, Zeinep"]
[Result "1-0"]
[WhiteElo "1509"]
[BlackElo "1737"]
[PlyCount "107"]
[EventDate "2016.12.03"]
[EventType "swiss"]
[EventRounds "9"]
[EventCountry "RUS"]
[SourceTitle "EXT 2018"]
[Source "ChessBase"]
[SourceDate "2017.10.13"]
[SourceVersion "1"]
[SourceVersionDate "2017.10.13"]
[SourceQuality "1"]

1. d4 d5 2. Nf3 Nf6 3. c4 e6 4. Nc3 Be7 5. Bf4 c6 6. e3 0-0 7. Bd3 dxc4 8. Bxc4 Nd5 9. Bg3 Bb4 10. Rc1 Qa5 11. Qb3 Nd7 12. 0-0 N7f6 13. Bd3 Nh5 14. Ne5 Nxg3 15. hxg3 Nxc3 16. bxc3 Be7 17. f4 f6 18. Nf3 Kh8 19. Kf2 f5 20. Ne5 Bf6 21. Nf3 Qd8 22. Rh1 Qe7 23. Nh4 Bxh4 24. Rxh4 g5 25. Rh6 Rg8 26. Rch1 Rg7 27. Bc4 gxf4 28. gxf4 a5 29. a4 Bd7 30. Qxb7 Rag8 31. R1h2 Qa3 32. Qb3 Qc1 33. Be2 Qd2 34. c4 c5 35. d5 exd5 36. cxd5 Re8 37. R6h3 Reg8 38. Qb7 c4 39. Qc7 Rc8 40. Rxh7+ Rxh7 41. Rxh7+ Kxh7 42. Qxd7+ Kg6 43. Qxc8 c3 44. Qe6+ Kg7 45. Qe7+ Kg6 46. Qg5+ Kf7 47. Qxf5+ Kg7 48. Qe5+ Kh7 49. Qe4+ Kh6 50. Qe6+ Kh7 51. Qf7+ Kh6 52. f5 Kg5 53. Qg6+ Kh4 54. g3+ 1-0

[Event "World School-ch U13 Girls"]
[Site "Sochi"]
[Date "2016.12.03"]
[Round "1"]
[White "Baidalinova, Darina"]
[Black "Usacheva, Glafira"]
[Result "0-1"]
[WhiteElo "1509"]
[BlackElo "1771"]
[PlyCount "76"]
[EventDate "2016.12.03"]
[EventType "swiss"]
[EventRounds "9"]
[EventCountry "RUS"]
[SourceTitle "EXT 2018"]
[Source "ChessBase"]
[SourceDate "2017.10.13"]
[SourceVersion "1"]
[SourceVersionDate "2017.10.13"]
[SourceQuality "1"]

1. d4 d5 2. Nf3 Nf6 3. Bf4 c5 4. e3 Nc6 5. Be2 Qb6 6. Na3 a6 7. Rb1 e6 8. 0-0 Be7 9. h3 0-0 10. c3 Ne4 11. Nc2 c4 12. Nd2 Nxd2 13. Qxd2 Qa5 14. Ra1 f6 15. e4 b5 16. exd5 exd5 17. a3 Qd8 18. Ne3 Be6 19. Rfe1 Na5 20. Bd1 Bd6 21. Bxd6 Qxd6 22. Qe2 Rae8 23. Bc2 g6 24. Qf3 Nc6 25. h4 f5 26. h5 Kg7 27. Nf1 Bf7 28. hxg6 hxg6 29. Ng3 Be6 30. Rab1 Rh8 31. Rbc1 f4 32. Nf1 Rh4 33. g3 fxg3 34. Nxg3 Bg4 35. Qg2 Rf8 36. Rf1 Bf3 37. Nf5+ Rxf5 38. Qg3 Rh1# 0-1

[Event "KAZ-ch sf (Women)"]
[Site "Pavlodar"]
[Date "2016.02.13"]
[Round "8"]
[White "Muratova, Saltanat"]
[Black "Baidalinova, Darina"]
[Result "1-0"]
[WhiteElo "1916"]
[BlackElo "1460"]
[PlyCount "64"]
[EventDate "2016.02.05"]
[EventType "swiss"]
[EventRounds "9"]
[EventCountry "KAZ"]
[SourceTitle "CBM 171 Extra"]
[Source "ChessBase"]
[SourceDate "2016.04.26"]
[SourceVersion "1"]
[SourceVersionDate "2016.04.26"]
[SourceQuality "1"]

1. e4 c5 2. Nc3 e6 3. Bc4 Nc6 4. f4 a6 5. a4 Nge7 6. d3 d5 7. Ba2 dxe4 8. Nxe4 Nd5 9. Nf3 Be7 10. 0-0 b6 11. Ne5 Bb7 12. Qg4 0-0 13. Nxc6 Bxc6 14. f5 exf5 15. Qxf5 Nf6 16. Be3 Qd7 17. Nxf6+ Bxf6 18. Qxd7 Bxd7 19. a5 Rfe8 20. Rae1 Be6 21. Bxe6 Rxe6 22. axb6 Rxb6 23. b3 Rc6 24. Rf5 Re8 25. Kf2 Re5 26. Rxe5 Bxe5 27. Bf4 Bd4+ 28. Kf3 h6 29. Re8+ Kh7 30. Ke4 Kg6 31. Bd2 Kf6 32. Kd5 Rc7 1-0